000 00582nam a2200193 i 4500
001 128147
003 ES-MaACL
005 20230906193156.0
007 t|
008 070622s1926 sp ||||1| spa d
080 _a821.134.2(83)-14"19"
080 _a821.134.2(83)-4"19"
100 1 _aAndino, Mario.
_921491
245 1 3 _aLa hija del siglo /
_cpor Mario Andino ; (ilustraciones de V. Moragas).
260 _aBarcelona :
_b[s.n.],
_c1926 (
_fTalleres gráficos Irandez)
300 _a[160] p. :
_bil. ;
_c18 cm.
700 1 _aMoragas, V.
_9143357
852 _aES-MaACL
_jF-3350
999 _c128147
_d128147